| 000 | 01247nam0a22003131 4500 | ||
|---|---|---|---|
| 001 | RU\NLR\A1SV\126650 | ||
| 005 | 20260416142201.0 | ||
| 035 | _a(NLR Aleph) 010447285 | ||
| 090 |
_a9913198 _c9913198 |
||
| 100 | _a20061025d1926 u y0rusy50 ca | ||
| 101 | 1 |
_arus _ceng |
|
| 102 | _aRU | ||
| 200 | 1 |
_aОтец Кристины Альберты _eРоман _fГерберт Уэллс _gПер. с англ. К.М.Жихаревой и А.С.Полоцкой |
|
| 210 |
_aЛ. _c"Сеятель" Е.В.Высоцкого _d[1926] |
||
| 215 |
_a357 с. _d15 см |
||
| 225 |
_aОбщедоступ. б-ка "Сеятель" _fОтд. худож. лит. _v№ 231/238 |
||
| 620 | _dСанкт-Петербург | ||
| 700 | 1 |
_aУэллс _bГ. Д. _f1866-1946 _gГерберт Джордж _3RU\NLR\auth\7727483 _4070 |
|
| 702 | 1 |
_aЖихарева _bК. М. _f1879-1950 _gКсения Михайловна |
|
| 702 | 1 |
_aВолина-Полоцкая _bА. С. _f1880- _gАдель Семеновна _3RU\NLR\AUTH\770201554 |
|
| 790 | 1 |
_6z01702 _aПолоцкая _bА. С. |
|
| 801 | 0 |
_aRU _bNLR _c20061025 |
|
| 852 |
_aNLR _j38.57.3.1-231-238 |
||
| 852 |
_aNLR _j128/2613 |
||
| 899 | _aРГБ | ||
| 942 | _cBOOK | ||
| 980 | _aA1SV | ||
| 980 | _aNB | ||